Robert's rules of order revised for diliberative assemblies. (Record no. 16136)

000 -LEADER
fixed length control field 00606nam a2200181 a 4500
001 - CONTROL NUMBER
control field :::00018834$&:&@@
003 - CONTROL NUMBER IDENTIFIER
control field OkBaRHE
005 - DATE AND TIME OF LATEST TRANSACTION
control field 20010110125145.0
008 - FIXED-LENGTH DATA ELEMENTS--GENERAL INFORMATION
fixed length control field s1979 j 000 0 eng u
040 ## - CATALOGING SOURCE
Transcribing agency
100 1# - MAIN ENTRY--PERSONAL NAME
Personal name Robert, Henry M. (Henry Martyn), 1837-1923.
245 10 - TITLE STATEMENT
Title Robert's rules of order revised for diliberative assemblies.
260 ## - PUBLICATION, DISTRIBUTION, ETC. (IMPRINT)
Place of publication, distribution, etc New York, NY., :
Name of publisher, distributor, etc Morrow Quill Paperbacks
Date of publication, distribution, etc 1979
300 ## - PHYSICAL DESCRIPTION
Extent 323 p. ;
Dimensions 21 cm.
650 ## - SUBJECT ADDED ENTRY--TOPICAL TERM
Topical term or geographic name as entry element Parlimentary Practice
942 ## - ADDED ENTRY ELEMENTS (KOHA)
Source of classification or shelving scheme
Koha item type Books
Copies
Date acquired Barcode Withdrawn status Full call number Date last seen Not for loan Copy number Permanent Location Koha item type Price effective from Lost status Damaged status Source of classification or shelving scheme Shelving location
2010-04-1418834 JF 515 .R652010-04-14 1RHEMA Bible Training CollegeBooks2010-04-14   General Stacks